[Event "U12 Burschen Blitz"]
[Site "austriaU18boys"]
[Date "2020.12.11"]
[Round "7"]
[White "Jakob19"]
[Black "Paligator"]
[Result "0-1"]
[WhiteElo "2051"]
[BlackElo "2012"]
[Annotator "NA"]
[PlyCount "98"]
[EventDate "2020.12.11"]
[EventType "blitz"]

1. d4 {[%emt 0:00:03]} Nf6 {[%emt 0:00:03]} 2. c4 {[%emt 0:00:01]} e6 {[%emt 0:00:01]} 3. Nc3 {[%emt 0:00:01]} Bb4 {[%emt 0:00:01]} 4. f3 {[%emt 0:00:01]} c5 {[%emt 0:00:02]} 5. d5 {[%emt 0:00:02]} b5 {[%emt 0:00:01]} 6. e4 {[%emt 0:00:01]} bxc4 {[%emt 0:00:02]} 7. Bxc4 {[%emt 0:00:02]} Nxd5 {[%emt 0:00:01]} 8. Bxd5 {[%emt 0:00:02]} exd5 {[%emt 0:00:01]} 9. Qxd5 {[%emt 0:00:01]} Nc6 {[%emt 0:00:01]} 10. Nge2 {[%emt 0:00:20]} Ba6 {[%emt 0:00:02]} 11. Be3 {[%emt 0:00:03]} Qa5 {[%emt 0:00:16]} 12. Kf2 {[%emt 0:00:10]} O-O {[%emt 0:00:33]} 13. Rhd1 {[%emt 0:00:09]} Rab8 {[%emt 0:00:07]} 14. Rd2 {[%emt 0:00:35]} Bxe2 {[%emt 0:00:11]} 15. Rxe2 {[%emt 0:00:01]} Bxc3 {[%emt 0:00:01]} 16. bxc3 {[%emt 0:00:01]} Qxc3 {[%emt 0:00:01]} 17. Rd1 {[%emt 0:00:03]} Nb4 {[%emt 0:00:38]} 18. Qxd7 {[%emt 0:00:14]} c4 {[%emt 0:00:01]} 19. Qxa7 {[%emt 0:00:46]} Ra8 {[%emt 0:00:20]} 20. Qd4 {[%emt 0:00:06]} Nxa2 {[%emt 0:00:27]} 21. Rdd2 {[%emt 0:00:39]} Qxd4 {[%emt 0:00:10]} 22. Rxd4 {[%emt 0:00:01]} Rfc8 {[%emt 0:00:30]} 23. Rc2 {[%emt 0:00:14]} c3 {[%emt 0:00:03]} 24. Rd3 {[%emt 0:00:02]} Nb4 {[%emt 0:00:06]} 25. Rcxc3 {[%emt 0:00:01]} Nxd3+ {[%emt 0:00:01]} 26. Rxd3 {[%emt 0:00:00]} Rc2+ {[%emt 0:00:02]} 27. Rd2 {[%emt 0:00:01] Jakob19 offers a draw} Rc4 {[%emt 0:00:05]} 28. Ke2 {[%emt 0:00:01]} h5 {[%emt 0:00:01]} 29. h3 {[%emt 0:00:01]} Kh7 {[%emt 0:00:01]} 30. g4 {[%emt 0:00:01]} hxg4 {[%emt 0:00:03]} 31. hxg4 {[%emt 0:00:00]} Ra1 {[%emt 0:00:02]} 32. Bf2 {[%emt 0:00:02]} Rcc1 {[%emt 0:00:02]} 33. Rd7 {[%emt 0:00:03]} Kg6 {[%emt 0:00:01]} 34. Rd6+ {[%emt 0:00:01]} f6 {[%emt 0:00:02]} 35. e5 {[%emt 0:00:01]} Ra2+ {[%emt 0:00:02]} 36. Ke3 {[%emt 0:00:01]} Rc3+ {[%emt 0:00:01]} 37. Kd4 {[%emt 0:00:01]} Rxf3 {[%emt 0:00:07]} 38. Bh4 {[%emt 0:00:02]} Rf4+ {[%emt 0:00:02]} 39. Ke3 {[%emt 0:00:03]} Rxg4 {[%emt 0:00:01]} 40. Bf2 {[%emt 0:00:02]} Ra3+ {[%emt 0:00:02]} 41. Ke2 {[%emt 0:00:01]} Re4+ {[%emt 0:00:01]} 42. Kf1 {[%emt 0:00:01]} Rxe5 {[%emt 0:00:00]} 43. Rd2 {[%emt 0:00:02]} Rf5 {[%emt 0:00:01]} 44. Kg2 {[%emt 0:00:01]} Raf3 {[%emt 0:00:01]} 45. Bg3 {[%emt 0:00:01]} Ra3 {[%emt 0:00:02]} 46. Bf2 {[%emt 0:00:03]} Rb5 {[%emt 0:00:02]} 47. Rd7 {[%emt 0:00:02]} Rab3 {[%emt 0:00:01]} 48. Rd8 {[%emt 0:00:02]} Rb2 {[%emt 0:00:01]} 49. Kf3 {[%emt 0:00:02]} Rf5+ {[%emt 0:00:01] Jakob19 resigns} 0-1

[Event "U12 Burschen Blitz"]
[Site "austriaU18boys"]
[Date "2020.12.11"]
[Round "7"]
[White "Dagobert Duck"]
[Black "Beckenbauer23"]
[Result "0-1"]
[WhiteElo "2046"]
[BlackElo "2065"]
[Annotator "NA"]
[PlyCount "104"]
[EventDate "2020.12.11"]
[EventType "blitz"]

1. c4 {[%emt 0:00:01]} b6 {[%emt 0:00:08]} 2. e4 {[%emt 0:00:02]} Bb7 {[%emt 0:00:01]} 3. Nc3 {[%emt 0:00:00]} e5 {[%emt 0:00:03]} 4. g3 {[%emt 0:00:06]} Nf6 {[%emt 0:00:19]} 5. Bg2 {[%emt 0:00:02]} Nc6 {[%emt 0:00:02]} 6. Nge2 {[%emt 0:00:03]} Bc5 {[%emt 0:00:02]} 7. O-O {[%emt 0:00:01]} O-O {[%emt 0:00:03]} 8. d3 {[%emt 0:00:07]} d6 {[%emt 0:00:02]} 9. h3 {[%emt 0:00:07]} Nd7 {[%emt 0:00:09]} 10. Kh2 {[%emt 0:00:06]} a5 {[%emt 0:00:06]} 11. f4 {[%emt 0:00:04]} Nd4 {[%emt 0:00:04]} 12. f5 {[%emt 0:00:09]} Nxe2 {[%emt 0:00:18]} 13. Qxe2 {[%emt 0:00:04]} Bd4 {[%emt 0:00:02]} 14. h4 {[%emt 0:00:11]} a4 {[%emt 0:00:13]} 15. Bg5 {[%emt 0:00:09]} f6 {[%emt 0:00:06]} 16. Be3 {[%emt 0:00:01]} a3 {[%emt 0:00:03]} 17. Bxd4 {[%emt 0:00:07]} exd4 {[%emt 0:00:00]} 18. Nb5 {[%emt 0:00:11]} axb2 {[%emt 0:00:01]} 19. Qxb2 {[%emt 0:00:01]} Ne5 {[%emt 0:00:19]} 20. Qxd4 {[%emt 0:00:05]} c5 {[%emt 0:00:28]} 21. Qxd6 {[%emt 0:00:15]} Qxd6 {[%emt 0:00:03]} 22. Nxd6 {[%emt 0:00:00]} Bc6 {[%emt 0:00:02]} 23. Rfb1 {[%emt 0:00:15]} Rfd8 {[%emt 0:00:04]} 24. Nb5 {[%emt 0:00:06]} Nxd3 {[%emt 0:00:07]} 25. Nc7 {[%emt 0:00:09]} Rab8 {[%emt 0:00:07]} 26. a4 {[%emt 0:00:06]} Ne5 {[%emt 0:00:05]} 27. Nd5 {[%emt 0:00:08]} Bxd5 {[%emt 0:00:13]} 28. cxd5 {[%emt 0:00:00]} Kf8 {[%emt 0:00:06]} 29. Bf1 {[%emt 0:00:03]} Ke7 {[%emt 0:00:05]} 30. Bb5 {[%emt 0:00:08]} Kd6 {[%emt 0:00:03]} 31. Kh3 {[%emt 0:00:09]} Nf3 {[%emt 0:00:06]} 32. g4 {[%emt 0:00:10]} Nd4 {[%emt 0:00:04]} 33. Kg3 {[%emt 0:00:05]} Ke5 {[%emt 0:00:03] Beckenbauer23 bietet Remis} 34. Bd3 {[%emt 0:00:13]} Rdc8 {[%emt 0:00:06]} 35. Bc4 {[%emt 0:00:15]} Nc2 {[%emt 0:00:07]} 36. Ra2 {[%emt 0:00:03]} Nd4 {[%emt 0:00:03]} 37. Rab2 {[%emt 0:00:03]} Ra8 {[%emt 0:00:03]} 38. Rxb6 {[%emt 0:00:05]} Rxa4 {[%emt 0:00:03]} 39. Rb7 {[%emt 0:00:07]} Rxc4 {[%emt 0:00:03]} 40. Re7+ {[%emt 0:00:10]} Kd6 {[%emt 0:00:01]} 41. Rxg7 {[%emt 0:00:01]} Rc3+ {[%emt 0:00:03]} 42. Kg2 {[%emt 0:00:01]} Rc2+ {[%emt 0:00:02]} 43. Kg3 {[%emt 0:00:02]} Re8 {[%emt 0:00:07]} 44. g5 {[%emt 0:00:07]} Rxe4 {[%emt 0:00:03]} 45. gxf6 {[%emt 0:00:02]} Nxf5+ {[%emt 0:00:06]} 46. Kf3 {[%emt 0:00:04]} Re3+ {[%emt 0:00:03]} 47. Kf4 {[%emt 0:00:01]} Rf2+ {[%emt 0:00:04]} 48. Kg5 {[%emt 0:00:01]} Rg3+ {[%emt 0:00:03]} 49. Kh5 {[%emt 0:00:01]} Nxg7+ {[%emt 0:00:02]} 50. fxg7 {[%emt 0:00:00]} Rxg7 {[%emt 0:00:00]} 51. Kh6 {[%emt 0:00:01]} Rg4 {[%emt 0:00:01]} 52. h5 {[%emt 0:00:03]} Rh2 {[%emt 0:00:01] TimeW} 0-1

[Event "U12 Burschen Blitz"]
[Site "austriaU18boys"]
[Date "2020.12.11"]
[Round "7"]
[White "Kreuzturm"]
[Black "Konstantin Peyrer"]
[Result "0-1"]
[WhiteElo "1961"]
[BlackElo "2255"]
[Annotator "NA"]
[PlyCount "120"]
[EventDate "2020.12.11"]
[EventType "blitz"]

1. d4 {[%emt 0:00:05]} Nf6 {[%emt 0:00:05]} 2. Bf4 {[%emt 0:00:02]} d6 {[%emt 0:00:01]} 3. Nc3 {[%emt 0:00:03]} g6 {[%emt 0:00:07]} 4. e4 {[%emt 0:00:02]} Bg7 {[%emt 0:00:01]} 5. Qd2 {[%emt 0:00:03]} c6 {[%emt 0:00:05]} 6. O-O-O {[%emt 0:00:04]} h6 {[%emt 0:00:02]} 7. h4 {[%emt 0:00:30]} b5 {[%emt 0:00:12]} 8. Kb1 {[%emt 0:00:30]} b4 {[%emt 0:00:03]} 9. Na4 {[%emt 0:00:06]} Nxe4 {[%emt 0:00:05]} 10. Qe3 {[%emt 0:00:08]} Nf6 {[%emt 0:00:04]} 11. Bc4 {[%emt 0:00:30]} O-O {[%emt 0:00:08]} 12. Bxh6 {[%emt 0:00:19]} Ng4 {[%emt 0:00:03]} 13. Qg3 {[%emt 0:00:19]} Nxh6 {[%emt 0:00:07]} 14. h5 {[%emt 0:00:20]} Nf5 {[%emt 0:00:02]} 15. Qg5 {[%emt 0:00:02]} e6 {[%emt 0:00:03]} 16. Qg4 {[%emt 0:00:16]} Nh6 {[%emt 0:00:09]} 17. Qg3 {[%emt 0:00:04]} g5 {[%emt 0:00:01]} 18. Nf3 {[%emt 0:00:03]} g4 {[%emt 0:00:07]} 19. Nh4 {[%emt 0:00:05]} d5 {[%emt 0:00:06]} 20. Bd3 {[%emt 0:00:02]} Nd7 {[%emt 0:00:02]} 21. f3 {[%emt 0:00:02]} Qa5 {[%emt 0:00:15]} 22. b3 {[%emt 0:00:02]} Nb6 {[%emt 0:00:04]} 23. Nc5 {[%emt 0:00:03]} Bxd4 {[%emt 0:00:05]} 24. Na4 {[%emt 0:00:09]} Nxa4 {[%emt 0:00:14]} 25. bxa4 {[%emt 0:00:01]} Qxa4 {[%emt 0:00:04]} 26. fxg4 {[%emt 0:00:03]} Kh8 {[%emt 0:00:05]} 27. Be2 {[%emt 0:00:02]} Qa3 {[%emt 0:00:01]} 28. Qxa3 {[%emt 0:00:02]} bxa3 {[%emt 0:00:00]} 29. Rxd4 {[%emt 0:00:00]} Rb8+ {[%emt 0:00:02]} 30. Kc1 {[%emt 0:00:01]} Rb2 {[%emt 0:00:03]} 31. Rd3 {[%emt 0:00:02]} Rxa2 {[%emt 0:00:01]} 32. Kd2 {[%emt 0:00:01]} Ba6 {[%emt 0:00:01]} 33. Rb3 {[%emt 0:00:02]} Bxe2 {[%emt 0:00:02]} 34. Kxe2 {[%emt 0:00:01]} Rxc2+ {[%emt 0:00:01]} 35. Kf3 {[%emt 0:00:01]} a2 {[%emt 0:00:01]} 36. g5 {[%emt 0:00:04]} Nf5 {[%emt 0:00:04]} 37. Nxf5 {[%emt 0:00:02]} exf5 {[%emt 0:00:00]} 38. Ra1 {[%emt 0:00:01]} Re8 {[%emt 0:00:02]} 39. Ra3 {[%emt 0:00:06]} Ree2 {[%emt 0:00:08]} 40. Rxa7 {[%emt 0:00:03]} Rf2+ {[%emt 0:00:02]} 41. Ke3 {[%emt 0:00:02]} f4+ {[%emt 0:00:01]} 42. Kd4 {[%emt 0:00:01]} Rxg2 {[%emt 0:00:15]} 43. Rxf7 {[%emt 0:00:02]} Rxg5 {[%emt 0:00:01]} 44. Rxf4 {[%emt 0:00:02]} Rxh5 {[%emt 0:00:03]} 45. Rf8+ {[%emt 0:00:02]} Kg7 {[%emt 0:00:01]} 46. Ra8 {[%emt 0:00:01]} Rhh2 {[%emt 0:00:02]} 47. Kd3 {[%emt 0:00:01]} Rhd2+ {[%emt 0:00:01]} 48. Ke3 {[%emt 0:00:01]} d4+ {[%emt 0:00:09]} 49. Ke4 {[%emt 0:00:03]} c5 {[%emt 0:00:02]} 50. Ra7+ {[%emt 0:00:01]} Kg6 {[%emt 0:00:01]} 51. Rg1+ {[%emt 0:00:02]} Rg2 {[%emt 0:00:01]} 52. Ra1 {[%emt 0:00:02]} Rb2 {[%emt 0:00:03]} 53. Kd5 {[%emt 0:00:03]} d3 {[%emt 0:00:03]} 54. Kxc5 {[%emt 0:00:02]} d2 {[%emt 0:00:04]} 55. Kd4 {[%emt 0:00:01]} Rb1 {[%emt 0:00:01]} 56. R1xa2 {[%emt 0:00:04]} d1=Q+ {[%emt 0:00:02]} 57. Kc5 {[%emt 0:00:01]} Rc1+ {[%emt 0:00:03]} 58. Kb6 {[%emt 0:00:01]} Qd6+ {[%emt 0:00:01]} 59. Kb7 {[%emt 0:00:02]} Rc7+ {[%emt 0:00:02]} 60. Kb8 {[%emt 0:00:03]} Qd8# {[%emt 0:00:00] Mate} 0-1

[Event "U12 Burschen Blitz"]
[Site "austriaU18boys"]
[Date "2020.12.11"]
[Round "7"]
[White "Pernerstorfer_Max"]
[Black "DoHoChess"]
[Result "0-1"]
[WhiteElo "1871"]
[BlackElo "2248"]
[PlyCount "86"]
[EventDate "2020.12.11"]
[EventType "blitz"]

1. e4 {[%emt 0:00:03]} d5 {[%emt 0:00:03]} 2. exd5 {[%emt 0:00:01]} Qxd5 {[%emt 0:00:00]} 3. Nf3 {[%emt 0:00:01]} Bg4 {[%emt 0:00:02]} 4. Be2 {[%emt 0:00:01]} Nc6 {[%emt 0:00:01]} 5. d4 {[%emt 0:00:03]} O-O-O {[%emt 0:00:01]} 6. c4 {[%emt 0:00:02]} Qa5+ {[%emt 0:00:06]} 7. Bd2 {[%emt 0:00:05]} Qf5 {[%emt 0:00:01]} 8. d5 {[%emt 0:00:50]} Bxf3 {[%emt 0:00:11]} 9. Bxf3 {[%emt 0:00:07]} Ne5 {[%emt 0:00:00]} 10. Be2 {[%emt 0:00:07]} Nd3+ {[%emt 0:00:05]} 11. Bxd3 {[%emt 0:00:03]} Qxd3 {[%emt 0:00:00]} 12. Qe2 {[%emt 0:00:09]} Qxe2+ {[%emt 0:00:28]} 13. Kxe2 {[%emt 0:00:00]} Nf6 {[%emt 0:00:01]} 14. Nc3 {[%emt 0:00:03]} g6 {[%emt 0:00:01]} 15. Rhe1 {[%emt 0:00:07]} Bg7 {[%emt 0:00:01]} 16. Bf4 {[%emt 0:00:21]} c6 {[%emt 0:00:17]} 17. dxc6 {[%emt 0:00:04]} bxc6 {[%emt 0:00:00]} 18. Rad1 {[%emt 0:00:03]} Nh5 {[%emt 0:00:06]} 19. Be3 {[%emt 0:00:05]} Kb7 {[%emt 0:00:14]} 20. Na4 {[%emt 0:00:03]} e5 {[%emt 0:00:18]} 21. Nc5+ {[%emt 0:00:12]} Kc8 {[%emt 0:00:01]} 22. b3 {[%emt 0:00:11]} Rhe8 {[%emt 0:00:11]} 23. g3 {[%emt 0:00:06]} Bf8 {[%emt 0:00:04]} 24. Na4 {[%emt 0:00:11]} Kb7 {[%emt 0:00:11]} 25. Rxd8 {[%emt 0:00:08]} Rxd8 {[%emt 0:00:01]} 26. Rd1 {[%emt 0:00:00]} Rxd1 {[%emt 0:00:03]} 27. Kxd1 {[%emt 0:00:00]} f5 {[%emt 0:00:04]} 28. Nc5+ {[%emt 0:00:09]} Bxc5 {[%emt 0:00:20]} 29. Bxc5 {[%emt 0:00:00]} Nf6 {[%emt 0:00:00]} 30. Ke2 {[%emt 0:00:07]} Ne4 {[%emt 0:00:04]} 31. Bb4 {[%emt 0:00:02]} c5 {[%emt 0:00:02]} 32. Be1 {[%emt 0:00:04]} Kc6 {[%emt 0:00:01]} 33. f3 {[%emt 0:00:01]} Ng5 {[%emt 0:00:03]} 34. Ke3 {[%emt 0:00:04]} Ne6 {[%emt 0:00:02]} 35. Bc3 {[%emt 0:00:07]} Kd6 {[%emt 0:00:07]} 36. f4 {[%emt 0:00:03]} e4 {[%emt 0:00:03]} 37. Bf6 {[%emt 0:00:02]} Kc6 {[%emt 0:00:03]} 38. h3 {[%emt 0:00:02]} h5 {[%emt 0:00:05]} 39. g4 {[%emt 0:00:04]} hxg4 {[%emt 0:00:16]} 40. hxg4 {[%emt 0:00:00]} fxg4 {[%emt 0:00:00]} 41. Kxe4 {[%emt 0:00:03]} g3 {[%emt 0:00:00]} 42. Kf3 {[%emt 0:00:06]} Nxf4 {[%emt 0:00:03]} 43. Be5 {[%emt 0:00:04]} g2 {[%emt 0:00:03] Pernerstorfer_Max resigns} 0-1

[Event "U12 Burschen Blitz"]
[Site "austriaU18boys"]
[Date "2020.12.11"]
[Round "7"]
[White "Jules2520"]
[Black "Schröttner Tobias"]
[Result "1-0"]
[WhiteElo "1658"]
[BlackElo "1681"]
[Annotator "NA"]
[PlyCount "99"]
[EventDate "2020.12.11"]
[EventType "blitz"]

1. e4 {[%emt 0:00:02]} c6 {[%emt 0:00:02]} 2. d4 {[%emt 0:00:01]} d5 {[%emt 0:00:01]} 3. e5 {[%emt 0:00:01]} Bf5 {[%emt 0:00:01]} 4. Nf3 {[%emt 0:00:01]} e6 {[%emt 0:00:01]} 5. Be2 {[%emt 0:00:01]} Nd7 {[%emt 0:00:01]} 6. O-O {[%emt 0:00:01]} c5 {[%emt 0:00:01]} 7. c4 {[%emt 0:00:07]} dxc4 {[%emt 0:00:02]} 8. Bxc4 {[%emt 0:00:27]} cxd4 {[%emt 0:00:07]} 9. Nxd4 {[%emt 0:00:01]} Bg6 {[%emt 0:00:20]} 10. Qe2 {[%emt 0:00:21]} Bc5 {[%emt 0:00:03]} 11. Nb5 {[%emt 0:00:09]} a6 {[%emt 0:00:07]} 12. Nd6+ {[%emt 0:00:02]} Bxd6 {[%emt 0:00:02]} 13. exd6 {[%emt 0:00:00]} Ngf6 {[%emt 0:00:01]} 14. Nc3 {[%emt 0:00:07]} O-O {[%emt 0:00:02]} 15. Rd1 {[%emt 0:00:02]} Rc8 {[%emt 0:00:03]} 16. a4 {[%emt 0:00:17]} Qb6 {[%emt 0:00:04]} 17. Be3 {[%emt 0:00:10]} Qc6 {[%emt 0:00:01]} 18. Bb3 {[%emt 0:00:11]} Rfd8 {[%emt 0:00:04]} 19. Rac1 {[%emt 0:00:02]} Nc5 {[%emt 0:00:27]} 20. Ba2 {[%emt 0:00:38]} Qd7 {[%emt 0:00:24]} 21. a5 {[%emt 0:00:09]} Nd3 {[%emt 0:00:08]} 22. Rxd3 {[%emt 0:00:02]} Bxd3 {[%emt 0:00:02]} 23. Qxd3 {[%emt 0:00:00]} Qxd6 {[%emt 0:00:01]} 24. Qe2 {[%emt 0:00:04]} Qb4 {[%emt 0:00:05]} 25. Bb6 {[%emt 0:00:04]} Re8 {[%emt 0:00:15]} 26. Rd1 {[%emt 0:00:02]} h6 {[%emt 0:00:23]} 27. Bb1 {[%emt 0:00:01]} Qb3 {[%emt 0:00:19]} 28. h3 {[%emt 0:00:07]} Nd5 {[%emt 0:00:08]} 29. Qd3 {[%emt 0:00:12]} Nxc3 {[%emt 0:00:18]} 30. Qh7+ {[%emt 0:00:03]} Kf8 {[%emt 0:00:03]} 31. Rd7 {[%emt 0:00:26]} Qd1+ {[%emt 0:00:20]} 32. Rxd1 {[%emt 0:00:02]} Nxd1 {[%emt 0:00:00]} 33. Qh8+ {[%emt 0:00:02]} Ke7 {[%emt 0:00:01]} 34. Qxg7 {[%emt 0:00:01]} Nxb2 {[%emt 0:00:01]} 35. Qxh6 {[%emt 0:00:02]} Nc4 {[%emt 0:00:03]} 36. Qh4+ {[%emt 0:00:02]} Kf8 {[%emt 0:00:04]} 37. Bd4 {[%emt 0:00:03]} e5 {[%emt 0:00:01]} 38. Qh8+ {[%emt 0:00:04]} Ke7 {[%emt 0:00:01]} 39. Qh4+ {[%emt 0:00:01]} Kf8 {[%emt 0:00:01]} 40. Be3 {[%emt 0:00:02]} Nxe3 {[%emt 0:00:02]} 41. Qh6+ {[%emt 0:00:04]} Ke7 {[%emt 0:00:04]} 42. Qxe3 {[%emt 0:00:00]} f6 {[%emt 0:00:01]} 43. Bf5 {[%emt 0:00:02]} Rc7 {[%emt 0:00:02]} 44. Qb6 {[%emt 0:00:02]} Rc1+ {[%emt 0:00:04]} 45. Kh2 {[%emt 0:00:01]} Kf8 {[%emt 0:00:01]} 46. Qxf6+ {[%emt 0:00:02]} Kg8 {[%emt 0:00:01]} 47. Qg6+ {[%emt 0:00:01]} Kf8 {[%emt 0:00:01]} 48. Qh6+ {[%emt 0:00:01]} Ke7 {[%emt 0:00:01]} 49. Qg7+ {[%emt 0:00:01]} Kd8 {[%emt 0:00:01]} 50. Qd7# {[%emt 0:00:01] Mate Mate} 1-0

[Event "U12 Burschen Blitz"]
[Site "austriaU18boys"]
[Date "2020.12.11"]
[Round "7"]
[White "Laurin3006"]
[Black "Sebsep1"]
[Result "0-1"]
[WhiteElo "1623"]
[BlackElo "2022"]
[Annotator "NA"]
[PlyCount "68"]
[EventDate "2020.12.11"]
[EventType "blitz"]

1. d4 {[%emt 0:00:07]} Nf6 {[%emt 0:00:01]} 2. c4 {[%emt 0:00:01]} g6 {[%emt 0:00:01]} 3. Nc3 {[%emt 0:00:02]} Bg7 {[%emt 0:00:00]} 4. e4 {[%emt 0:00:01]} d6 {[%emt 0:00:01]} 5. Nf3 {[%emt 0:00:01]} O-O {[%emt 0:00:01]} 6. Be3 {[%emt 0:00:01]} e5 {[%emt 0:00:35]} 7. d5 {[%emt 0:00:01]} Na6 {[%emt 0:00:05]} 8. Be2 {[%emt 0:00:04]} Nc5 {[%emt 0:00:01]} 9. Nd2 {[%emt 0:00:01]} a5 {[%emt 0:00:01]} 10. a3 {[%emt 0:00:09]} c6 {[%emt 0:00:30]} 11. b4 {[%emt 0:00:04]} axb4 {[%emt 0:00:02]} 12. axb4 {[%emt 0:00:00]} Rxa1 {[%emt 0:00:02]} 13. Qxa1 {[%emt 0:00:00]} Na6 {[%emt 0:00:10]} 14. b5 {[%emt 0:00:31]} Nb4 {[%emt 0:00:06]} 15. Qb2 {[%emt 0:00:13]} c5 {[%emt 0:00:03]} 16. Na2 {[%emt 0:00:12]} Nxa2 {[%emt 0:00:02]} 17. Qxa2 {[%emt 0:00:00]} Ng4 {[%emt 0:00:12]} 18. Bxg4 {[%emt 0:00:13]} Bxg4 {[%emt 0:00:00]} 19. O-O {[%emt 0:00:05]} Bc8 {[%emt 0:00:06]} 20. Ra1 {[%emt 0:00:06]} f5 {[%emt 0:00:03]} 21. f3 {[%emt 0:00:06]} g5 {[%emt 0:00:16]} 22. exf5 {[%emt 0:00:44]} Bxf5 {[%emt 0:00:00]} 23. Qa7 {[%emt 0:00:06]} Bc8 {[%emt 0:00:03]} 24. Ne4 {[%emt 0:00:03]} h6 {[%emt 0:00:13]} 25. Nxc5 {[%emt 0:00:12]} dxc5 {[%emt 0:00:07]} 26. Bxc5 {[%emt 0:00:04]} Re8 {[%emt 0:00:01]} 27. d6 {[%emt 0:00:35]} e4 {[%emt 0:00:03]} 28. Rd1 {[%emt 0:00:06]} Qd7 {[%emt 0:00:17]} 29. Bb4 {[%emt 0:00:05]} e3 {[%emt 0:00:08]} 30. c5 {[%emt 0:00:02]} Qxb5 {[%emt 0:00:06]} 31. Qa2+ {[%emt 0:00:04]} Kh8 {[%emt 0:00:09]} 32. Be1 {[%emt 0:00:00]} e2 {[%emt 0:00:03]} 33. Rc1 {[%emt 0:00:01]} Bd7 {[%emt 0:00:07]} 34. Qd2 {[%emt 0:00:03]} Qb2 {[%emt 0:00:10] TimeW} 0-1

[Event "U12 Burschen Blitz"]
[Site "austriaU18boys"]
[Date "2020.12.11"]
[Round "7"]
[White "Nicolas Moser"]
[Black "Couvervan"]
[Result "1-0"]
[WhiteElo "1609"]
[BlackElo "1636"]
[Annotator "NA"]
[PlyCount "203"]
[EventDate "2020.12.11"]
[EventType "blitz"]

1. e4 {[%emt 0:00:01]} e5 {[%emt 0:00:02]} 2. Nf3 {[%emt 0:00:01]} Nf6 {[%emt 0:00:00]} 3. Nxe5 {[%emt 0:00:02]} Nc6 {[%emt 0:00:01]} 4. Nxc6 {[%emt 0:00:03]} dxc6 {[%emt 0:00:00]} 5. d3 {[%emt 0:00:01]} Bc5 {[%emt 0:00:01]} 6. Bg5 {[%emt 0:00:06]} Nxe4 {[%emt 0:00:07]} 7. Qe2 {[%emt 0:01:12]} Qxg5 {[%emt 0:00:19]} 8. Qxe4+ {[%emt 0:00:08]} Be6 {[%emt 0:00:01]} 9. Nd2 {[%emt 0:00:28]} O-O-O {[%emt 0:00:04]} 10. Nf3 {[%emt 0:00:05]} Qf6 {[%emt 0:00:06]} 11. Qe5 {[%emt 0:00:23]} Qxe5+ {[%emt 0:00:05]} 12. Nxe5 {[%emt 0:00:01]} Rhe8 {[%emt 0:00:01]} 13. Nf3 {[%emt 0:00:17]} Bxa2+ {[%emt 0:00:10]} 14. Kd2 {[%emt 0:00:03]} Bd5 {[%emt 0:00:03]} 15. Be2 {[%emt 0:00:02]} Bxf3 {[%emt 0:00:03]} 16. Bxf3 {[%emt 0:00:06]} Bxf2 {[%emt 0:00:01]} 17. Be4 {[%emt 0:00:10]} g6 {[%emt 0:00:03]} 18. Kc3 {[%emt 0:00:04]} f5 {[%emt 0:00:04]} 19. Bf3 {[%emt 0:00:03]} Bd4+ {[%emt 0:00:03]} 20. Kb3 {[%emt 0:00:01]} a6 {[%emt 0:00:03]} 21. Ra4 {[%emt 0:00:06]} Bb6 {[%emt 0:00:03]} 22. Rh4 {[%emt 0:00:09]} Re7 {[%emt 0:00:01]} 23. g4 {[%emt 0:00:05]} f4 {[%emt 0:00:04]} 24. g5 {[%emt 0:00:03]} Be3 {[%emt 0:00:01]} 25. Rg4 {[%emt 0:00:04]} Kb8 {[%emt 0:00:01]} 26. Rg2 {[%emt 0:00:01]} Re5 {[%emt 0:00:01]} 27. h4 {[%emt 0:00:02]} Rb5+ {[%emt 0:00:01]} 28. Ka2 {[%emt 0:00:01]} Bd4 {[%emt 0:00:04]} 29. c3 {[%emt 0:00:05]} Be3 {[%emt 0:00:02]} 30. d4 {[%emt 0:00:01]} c5 {[%emt 0:00:01]} 31. dxc5 {[%emt 0:00:02]} Rxc5 {[%emt 0:00:02]} 32. h5 {[%emt 0:00:01]} Ra5+ {[%emt 0:00:06]} 33. Kb3 {[%emt 0:00:02]} Rb5+ {[%emt 0:00:02]} 34. Kc2 {[%emt 0:00:04]} Rb6 {[%emt 0:00:08]} 35. hxg6 {[%emt 0:00:01]} hxg6 {[%emt 0:00:01]} 36. Rh6 {[%emt 0:00:02]} Rdd6 {[%emt 0:00:03]} 37. Rh8+ {[%emt 0:00:01]} Ka7 {[%emt 0:00:01]} 38. Rf8 {[%emt 0:00:02]} Rd7 {[%emt 0:00:14]} 39. Rh2 {[%emt 0:00:03]} Rbd6 {[%emt 0:00:02]} 40. Rg8 {[%emt 0:00:03]} Rd2+ {[%emt 0:00:02]} 41. Rxd2 {[%emt 0:00:01]} Rxd2+ {[%emt 0:00:00]} 42. Kb3 {[%emt 0:00:01]} Rf2 {[%emt 0:00:08]} 43. Be4 {[%emt 0:00:02]} Bc1 {[%emt 0:00:05]} 44. Rxg6 {[%emt 0:00:04]} Rxb2+ {[%emt 0:00:01]} 45. Kc4 {[%emt 0:00:01]} Rb6 {[%emt 0:00:09]} 46. Rxb6 {[%emt 0:00:03]} Kxb6 {[%emt 0:00:11]} 47. g6 {[%emt 0:00:01]} f3 {[%emt 0:00:01]} 48. g7 {[%emt 0:00:01]} f2 {[%emt 0:00:01]} 49. Bd3 {[%emt 0:00:01]} Ka5 {[%emt 0:00:14]} 50. g8=Q {[%emt 0:00:01]} b5+ {[%emt 0:00:00]} 51. Kd5 {[%emt 0:00:02]} Be3 {[%emt 0:00:06]} 52. Bf1 {[%emt 0:00:01]} Bb6 {[%emt 0:00:01]} 53. Qg6 {[%emt 0:00:02]} Ka4 {[%emt 0:00:05]} 54. Qc2+ {[%emt 0:00:01]} Ka3 {[%emt 0:00:03]} 55. Kc6 {[%emt 0:00:02]} a5 {[%emt 0:00:05]} 56. Kxb5 {[%emt 0:00:03]} Be3 {[%emt 0:00:04]} 57. Kc6 {[%emt 0:00:03]} Bb6 {[%emt 0:00:01]} 58. Kd5 {[%emt 0:00:02]} a4 {[%emt 0:00:02]} 59. c4 {[%emt 0:00:02]} Ba5 {[%emt 0:00:15]} 60. Qb1 {[%emt 0:00:02]} Bb4 {[%emt 0:00:06]} 61. Kc6 {[%emt 0:00:04]} Ba5 {[%emt 0:00:10]} 62. Kd5 {[%emt 0:00:01]} Bb4 {[%emt 0:00:06]} 63. Ke4 {[%emt 0:00:01]} c5 {[%emt 0:00:07]} 64. Kd3 {[%emt 0:00:01]} Bc3 {[%emt 0:00:20]} 65. Ke2 {[%emt 0:00:02]} Bd4 {[%emt 0:00:07]} 66. Kf3 {[%emt 0:00:03]} Bc3 {[%emt 0:00:09]} 67. Ke4 {[%emt 0:00:02]} Bd4 {[%emt 0:00:02]} 68. Bd3 {[%emt 0:00:02]} Bb2 {[%emt 0:00:06]} 69. Kf3 {[%emt 0:00:04]} Kb3 {[%emt 0:00:02]} 70. Bc2+ {[%emt 0:00:02]} Kc3 {[%emt 0:00:03]} 71. Kxf2 {[%emt 0:00:02]} a3 {[%emt 0:00:02]} 72. Be4 {[%emt 0:00:05]} Kxc4 {[%emt 0:00:01]} 73. Qa2+ {[%emt 0:00:01]} Kb4 {[%emt 0:00:01]} 74. Bd5 {[%emt 0:00:01]} Kc3 {[%emt 0:00:01]} 75. Bc4 {[%emt 0:00:02]} Kd4 {[%emt 0:00:01]} 76. Ke2 {[%emt 0:00:01]} Bc1 {[%emt 0:00:02]} 77. Kd1 {[%emt 0:00:02]} Bb2 {[%emt 0:00:00]} 78. Kc2 {[%emt 0:00:01]} Ke3 {[%emt 0:00:00]} 79. Bg8 {[%emt 0:00:02]} Kd4 {[%emt 0:00:00]} 80. Qc4+ {[%emt 0:00:01]} Ke5 {[%emt 0:00:02]} 81. Qxc5+ {[%emt 0:00:01]} Kf4 {[%emt 0:00:00]} 82. Qc4+ {[%emt 0:00:03]} Ke5 {[%emt 0:00:01]} 83. Qb5+ {[%emt 0:00:04]} Kd6 {[%emt 0:00:00]} 84. Ba2 {[%emt 0:00:02]} Kc7 {[%emt 0:00:01]} 85. Kd3 {[%emt 0:00:01]} Kd6 {[%emt 0:00:00]} 86. Kc4 {[%emt 0:00:01]} Ke6 {[%emt 0:00:02]} 87. Qd5+ {[%emt 0:00:01]} Kf6 {[%emt 0:00:01]} 88. Kd3 {[%emt 0:00:01]} Kg6 {[%emt 0:00:02]} 89. Ke4 {[%emt 0:00:01]} Bf6 {[%emt 0:00:02]} 90. Qf5+ {[%emt 0:00:02]} Kg7 {[%emt 0:00:01]} 91. Kd5 {[%emt 0:00:01]} Be7 {[%emt 0:00:08]} 92. Ke6 {[%emt 0:00:02]} Bd8 {[%emt 0:00:16]} 93. Qg4+ {[%emt 0:00:02]} Kh6 {[%emt 0:00:10]} 94. Kf7 {[%emt 0:00:05]} Bg5 {[%emt 0:00:04]} 95. Qf5 {[%emt 0:00:04]} Kh5 {[%emt 0:00:00]} 96. Qf3+ {[%emt 0:00:02]} Kh4 {[%emt 0:00:04]} 97. Qxa3 {[%emt 0:00:02]} Bf4 {[%emt 0:00:02]} 98. Qb4 {[%emt 0:00:02]} Kg3 {[%emt 0:00:01]} 99. Qe4 {[%emt 0:00:02]} Kg4 {[%emt 0:00:02]} 100. Be6+ {[%emt 0:00:01]} Kg5 {[%emt 0:00:00]} 101. Kg7 {[%emt 0:00:03]} Bd6 {[%emt 0:00:03]} 102. Qg4# {[%emt 0:00:02] Mate Mate} 1-0